| 000 | 00533nam a22001577a 4500 | ||
|---|---|---|---|
| 999 |
_c12570 _d12570 |
||
| 008 | 240221b ||||| |||| 00| 0 eng d | ||
| 040 | _aBMS College of Architecture | ||
| 100 | _aHarshitha M V | ||
| 245 | _a Kala Sansthana Socio Cultural Centre – Art Institution | ||
| 300 | _a72p. | ||
| 500 | _a1CF19AT039 | ||
| 502 |
_8B.Arch. _NBMS College of Architecture, Visvesvaraya Technological University (VTU) _aProject report _d2023 |
||
| 700 |
_aMukesh G Kotak _eGuide |
||
| 710 |
_aAnn Innocent Joseph _aGuide |
||
| 942 |
_2ddc _cTHE |
||